| 000 | 01749cam a2200469Ia 4500 | ||
|---|---|---|---|
| 001 | 455293 | ||
| 003 | GBCCL | ||
| 005 | 20241126110429.0 | ||
| 008 | 070726s2005 oku 000 0 eng d | ||
| 035 | _a(OCoLC)ocn156992212 | ||
| 035 | _a(OCoLC)156992212 | ||
| 040 |
_aSBI _beng _cSBI _dOCLCG _dKAT _dOCLCA _dOCLCF _dOCLCO _dOCLCQ _dLBB |
||
| 043 | _ae-rm--- | ||
| 049 | _aLBBA | ||
| 050 | 4 |
_aBR1608.R8 _bW85 2005 |
|
| 082 |
_a272.7092 _bWUR |
||
| 090 |
_aBR1608.R8 _bW85 2005 |
||
| 100 | 1 |
_aWurmbrand, Sabina. _95058 |
|
| 245 | 1 | 4 |
_aThe pastor's wife / _cby Sabina Wurmbrand ; edited by Charles Foley. |
| 250 | _a2nd Indian ed. | ||
| 260 |
_aHaryana : _bLove in action, _c1986 |
||
| 300 |
_a223 pages ; _c23 cm |
||
| 336 |
_atext _btxt _2rdacontent |
||
| 337 |
_aunmediated _bn _2rdamedia |
||
| 338 |
_avolume _bnc _2rdacarrier |
||
| 600 | 1 | 0 |
_aWurmbrand, Sabina. _95058 |
| 600 | 1 | 7 |
_aWurmbrand, Sabina. _2fast _0(OCoLC)fst00340757 _95058 |
| 650 | 0 |
_aPersecution _zRomania. _95059 |
|
| 650 | 0 |
_aCommunism and Christianity _zRomania. _95060 |
|
| 650 | 0 |
_aSpouses of clergy _zRomania _vBiography. _95061 |
|
| 650 | 0 |
_aPolitical prisoners _zRomania _vBiography. _95055 |
|
| 650 | 0 |
_aJewish Christians _zRomania _vBiography. _95062 |
|
| 650 | 7 |
_aCommunism and Christianity. _2fast _0(OCoLC)fst00870466 _92557 |
|
| 650 | 7 |
_aJewish Christians. _2fast _0(OCoLC)fst00982625 _95063 |
|
| 650 | 7 |
_aPersecution. _2fast _0(OCoLC)fst01058354 _92188 |
|
| 650 | 7 |
_aPolitical prisoners. _2fast _0(OCoLC)fst01069636 _95064 |
|
| 650 | 7 |
_aSpouses of clergy. _2fast _0(OCoLC)fst01130850 _94388 |
|
| 651 | 7 |
_aRomania. _2fast _0(OCoLC)fst01205085 _95065 |
|
| 655 | 7 |
_aBiography. _2fast _0(OCoLC)fst01423686 _95066 |
|
| 700 | 1 |
_aFoley, Charles, _d1908-1995. _95057 |
|
| 942 |
_2ddc _cBK _01 |
||
| 999 |
_c2442 _d2442 |
||